000 00315nam a2200133 i 4500
001 bg
100 1 _aJankowski, Aleksander.
245 0 _aAlgorytmy metod numerycznych /
_cA. Jankowski.
260 _aGdaƄsk,
_c1983.
040 _cBPK
041 _apol
942 _cKS
008 s pl f |000 0 pol
999 _c22063
_d22063
856 _uhttp://koha.tu.koszalin.pl/cgi-bin/koha/opac-detail.pl?biblionumber=22063
_yKatalog online BPK